|
|
|
|
| LEADER |
00000nam0a2200000 4500 |
| 001 |
164958 |
| 005 |
20231031161534.0 |
| 010 |
|
|
|a 9785060051797
|
| 035 |
|
|
|a (RuTPU)RU\TPU\book\178954
|
| 090 |
|
|
|a 164958
|
| 100 |
|
|
|a 20090911d2009 m y0rusy50 ca
|
| 101 |
0 |
|
|a rus
|
| 102 |
|
|
|a RU
|
| 105 |
|
|
|a y j 001zy
|
| 200 |
1 |
|
|a Правовое регулирование городской деятельности и жилищное законодательство
|e учебник для вузов
|f В. И. Римшин, В. А. Греджев
|
| 210 |
|
|
|a Москва
|c Высшая школа
|d 2009
|
| 215 |
|
|
|a 501 с.
|
| 333 |
|
|
|a Исключено из фонда НТБ ТПУ
|
| 700 |
|
1 |
|a Римшин
|b В. И.
|g Владимир Иванович
|
| 701 |
|
1 |
|a Греджев
|b В. А.
|g Виктор Анатольевич
|
| 801 |
|
1 |
|a RU
|b 63413507
|c 20090911
|
| 801 |
|
2 |
|a RU
|b 63413507
|c 20220615
|g RCR
|
| 942 |
|
|
|c BK
|
| 959 |
|
|
|a 93/20090911
|d 1
|e 671,00
|f ЧЗГЛ:1
|